Karl Bühler : Du contexte à la situation, la signification (notice n° 1567257)

détails MARC
000 -LEADER
fixed length control field 01554cam a2200133 4500500
005 - DATE AND TIME OF LATEST TRANSACTION
control field 20251214002633.0
041 ## - LANGUAGE CODE
Language code of text/sound track or separate title fre
042 ## - AUTHENTICATION CODE
Authentication code dc
100 10 - MAIN ENTRY--PERSONAL NAME
Personal name Marthelot, Perrine
Relator term author
245 00 - TITLE STATEMENT
Title Karl Bühler : Du contexte à la situation, la signification
260 ## - PUBLICATION, DISTRIBUTION, ETC.
Name of publisher, distributor, etc. Armand Colin,<br/>
Date of publication, distribution, etc. 2012.<br/>
520 ## - SUMMARY, ETC.
Summary, etc. Karl Bühler (1879-1963) a développé une théorie du langage originale, à la croisée de la psychologie, de la linguistique et de la philosophie. Ce livre s’attache à en retracer le déploiement, depuis la mise en évidence de la fonction de représentation (Darstellung) jusqu’au développement de la théorie des deux champs de la représentation : contexte (ou champ symbolique) et situation (ou champ déictique). Si dans un premier temps la représentation s’oppose à l’ordre de l’indice comme cette fonction qui ne nécessite plus d’ancrage dans le sensible pour la réalisation de sa signification, il semble néanmoins que l’on puisse déceler au cœur de la théorie des deux champs une remise en cause de cette partition. En insérant l’ordre de l’indice au cœur même de la représentation symbolique, sous la forme de la déixis, Bühler pose les jalons d’une interaction profonde entre contexte et situation. C’est une telle thèse de la porosité des frontières et de l’interaction entre les deux champs que cette étude tente de mettre au jour à travers la lecture de l’œuvre de Bühler.
856 41 - ELECTRONIC LOCATION AND ACCESS
Uniform Resource Identifier <a href="https://shs.cairn.info/karl-buhler--9782200277215?lang=fr&redirect-ssocas=7080">https://shs.cairn.info/karl-buhler--9782200277215?lang=fr&redirect-ssocas=7080</a>

Pas d'exemplaire disponible.

PLUDOC

PLUDOC est la plateforme unique et centralisée de gestion des bibliothèques physiques et numériques de Guinée administré par le CEDUST. Elle est la plus grande base de données de ressources documentaires pour les Étudiants, Enseignants chercheurs et Chercheurs de Guinée.

Adresse

627 919 101/664 919 101

25 boulevard du commerce
Kaloum, Conakry, Guinée

Réseaux sociaux

Powered by Netsen Group @ 2025